[Event "TUN-ch sf"]
[Site "Monastir"]
[Date "2024.03.22"]
[Round "3"]
[White "Tritar, Kamel"]
[Black "Farhat, Mohamed Tawfik"]
[Result "1-0"]
[WhiteElo "1878"]
[BlackElo "1933"]
[PlyCount "72"]
[EventDate "2024.03.21"]
[EventType "swiss"]
[EventRounds "9"]
[EventCountry "TUN"]
[SourceTitle "CB15_2024"]
[SourceDate "2024.04.10"]
[SourceVersion "1"]
[SourceVersionDate "2024.04.10"]
[SourceQuality "1"]

1. e4 c5 2. d4 cxd4 3. c3 dxc3 4. Nxc3 Nc6 5. Nf3 e6 6. Bc4 a6 7. Qe2 d6 8. 0-0 Nf6 9. Rd1 Qc7 10. Bf4 e5 11. Be3 Be7 12. h3 0-0 13. Rac1 Be6 14. Nd5 Bxd5 15. exd5 Nb8 16. Bxa6 Qd7 17. Bb5 Qd8 18. a3 Nbd7 19. Bc4 Ne8 20. Rc2 f5 21. Rdc1 Rc8 22. Bb3 Rxc2 23. Qxc2 f4 24. Bd2 Nc5 25. Nxe5 Kh8 26. Nf3 g5 27. Ba2 Rg8 28. Bb1 Rg6 29. b4 Nd7 30. Qc8 Rg8 31. Qxb7 Bf6 32. Rc8 Qe7 33. Bf5 Ne5 34. Qxe7 Nxf3+ 35. gxf3 Bxe7 36. Be6 Rf8 1-0

[Event "Bouhjar BICA Rapid op 02nd"]
[Site "Bouhjar"]
[Date "2022.11.20"]
[Round "8"]
[White "Msalmi, Hamed"]
[Black "Tritar, Kamel"]
[Result "0-1"]
[WhiteElo "1610"]
[BlackElo "1894"]
[PlyCount "74"]
[EventDate "2022.11.20"]
[EventType "swiss (rapid)"]
[EventRounds "9"]
[EventCountry "TUN"]
[SourceTitle "CBM 211 Extra"]
[Source "ChessBase"]
[SourceDate "2023.01.31"]
[SourceVersion "1"]
[SourceVersionDate "2023.01.31"]
[SourceQuality "1"]

1. Nf3 Nf6 2. d4 e6 3. c4 b6 4. Nc3 Bb7 5. a3 Be7 6. Qc2 d6 7. e4 Nbd7 8. Bd3 e5 9. 0-0 a5 10. Bg5 0-0 11. b4 h6 12. Bxf6 Bxf6 13. d5 Qe7 14. Ne2 Ra7 15. Ng3 g6 16. Ra2 Rfa8 17. Rfa1 Bg7 18. h4 Nf6 19. Qd2 Ng4 20. h5 Bc8 21. Be2 Bd7 22. b5 Rf8 23. Nh2 Nxh2 24. Kxh2 Bf6 25. hxg6 Bg5 26. gxf7+ Qxf7 27. Qe1 Qxf2 28. Qxf2 Rxf2 29. Kg1 Be3 30. Kh1 Bd4 31. Rf1 Rxf1+ 32. Nxf1 Ra8 33. a4 Rf8 34. Bf3 Kg7 35. Ng3 Kg6 36. Ra3 Rf4 37. Bh5+ Kg5 0-1

[Event "Sousse BICA op 1st"]
[Site "Sousse"]
[Date "2021.12.29"]
[Round "8"]
[White "Tritar, Kamel"]
[Black "Ben Ammar, Mohamed"]
[Result "1/2-1/2"]
[WhiteElo "1822"]
[BlackElo "2148"]
[PlyCount "90"]
[EventDate "2021.12.24"]
[EventType "swiss"]
[EventRounds "9"]
[EventCountry "TUN"]
[SourceTitle "CBM 205 Extra"]
[Source "ChessBase"]
[SourceDate "2022.01.31"]
[SourceVersion "1"]
[SourceVersionDate "2022.01.31"]
[SourceQuality "1"]

1. d4 Nf6 2. Nf3 g6 3. g3 Bg7 4. Bg2 0-0 5. 0-0 d6 6. c4 Nc6 7. Nc3 a6 8. h3 Rb8 9. e4 e5 10. dxe5 Nxe5 11. Nxe5 dxe5 12. Bg5 Be6 13. b3 h6 14. Be3 Nd7 15. Qd2 Kh7 16. Rad1 Qc8 17. Kh2 Rd8 18. Qc1 Bf8 19. Qc2 c6 20. Rd2 b5 21. cxb5 axb5 22. Rfd1 Be7 23. Qc1 g5 24. Rc2 Qb7 25. Ne2 Rbc8 26. g4 Nf8 27. Ng3 Ba3 28. Qb1 Rxd1 29. Qxd1 c5 30. Nf5 c4 31. Bc1 Bxc1 32. Qxc1 cxb3 33. Rxc8 Qxc8 34. Qxc8 Bxc8 35. axb3 Bxf5 36. exf5 b4 37. Bc6 Kg7 38. Kg2 Kf6 39. Kf3 Ke7 40. Ke4 Kd6 41. Be8 Ke7 42. Bb5 Kd6 43. Be8 Ke7 44. Bb5 Kd6 45. Be8 Ke7 1/2-1/2

[Event "Sousse Sahel op"]
[Site "Sousse"]
[Date "2019.04.22"]
[Round "5"]
[White "Tritar, Kamel"]
[Black "Belattar, Ines"]
[Result "1-0"]
[WhiteElo "1925"]
[BlackElo "1390"]
[PlyCount "77"]
[EventDate "2019.04.19"]
[EventType "swiss"]
[EventRounds "9"]
[EventCountry "TUN"]
[SourceTitle "CBM 190 Extra"]
[Source "ChessBase"]
[SourceDate "2019.07.15"]
[SourceVersion "1"]
[SourceVersionDate "2019.07.15"]
[SourceQuality "1"]

1. d4 d5 2. Nf3 Nf6 3. Bf4 c5 4. e3 Nc6 5. Nc3 Bf5 6. dxc5 e6 7. Nd4 Bg6 8. Nxc6 bxc6 9. b4 Nh5 10. Ba6 Nxf4 11. exf4 Rb8 12. 0-0 Rxb4 13. Rb1 Bxc5 14. Rxb4 Bxb4 15. Qd4 Bxc3 16. Qxc3 0-0 17. Qxc6 Qb6 18. Qxb6 axb6 19. Rb1 Bxc2 20. Rxb6 Rd8 21. Kf1 d4 22. Ke1 Kf8 23. Kd2 d3 24. Rc6 Rd4 25. g3 g5 26. fxg5 e5 27. f3 Ba4 28. Rc7 Bd7 29. Bc4 Kg7 30. a3 Kg6 31. h4 Rd6 32. Ra7 h6 33. gxh6 f5 34. Ra6 Rxa6 35. Bxa6 e4 36. fxe4 fxe4 37. Bb7 Bf5 38. a4 Kxh6 39. a5 1-0

[Event "TUN-ch rapid"]
[Site "Sousse"]
[Date "2018.11.24"]
[Round "3"]
[White "Tritar, Kamel"]
[Black "Amdouni, Zoubaier"]
[Result "0-1"]
[WhiteElo "1964"]
[BlackElo "2290"]
[PlyCount "68"]
[EventDate "2018.11.24"]
[EventType "swiss (rapid)"]
[EventRounds "9"]
[EventCountry "TUN"]
[SourceTitle "CBM 187 Extra"]
[Source "ChessBase"]
[SourceDate "2018.11.04"]
[SourceVersion "1"]
[SourceVersionDate "2018.11.04"]
[SourceQuality "1"]

1. d4 d5 2. Nf3 Bf5 3. c3 Nd7 4. Bf4 e6 5. e3 Bd6 6. Bd3 Ne7 7. Qe2 0-0 8. Nbd2 Bxd3 9. Qxd3 Bxf4 10. exf4 c5 11. 0-0 Qc7 12. g3 b5 13. Ne5 Rfc8 14. Nxd7 Qxd7 15. Nf3 Nf5 16. Ne5 Qb7 17. g4 Nd6 18. Rfe1 cxd4 19. cxd4 f6 20. Nf3 Ne4 21. Rac1 Qb6 22. Rc2 Rxc2 23. Qxc2 Qd6 24. Rc1 Qxf4 25. Qc6 Qxg4+ 26. Kf1 Qxf3 27. Rc2 Qh3+ 28. Ke1 Rf8 29. Qd7 Ng5 30. Rc7 Nf3+ 31. Ke2 Nxd4+ 32. Kd2 Qg4 33. Kd3 b4 34. Rxa7 Qe4+ 0-1

[Event "Monastir Subsidiaire op"]
[Site "Monastir"]
[Date "2014.03.29"]
[Round "8"]
[White "Tritar, Kamel"]
[Black "Yacine, Ben Thabet"]
[Result "1-0"]
[WhiteElo "2002"]
[BlackElo "1887"]
[PlyCount "123"]
[EventDate "2014.03.24"]
[EventType "swiss"]
[EventRounds "9"]
[EventCountry "TUN"]
[SourceTitle "EXT 2016"]
[Source "ChessBase"]
[SourceDate "2015.10.08"]
[SourceVersion "1"]
[SourceVersionDate "2015.10.08"]
[SourceQuality "1"]

1. d4 Nf6 2. Nf3 e6 3. Bg5 h6 4. Bh4 g5 5. Bg3 Nh5 6. e3 Nxg3 7. hxg3 Bg7 8. c3 d6 9. Qb3 Nd7 10. Na3 a6 11. Nc4 Qe7 12. Na5 Rb8 13. Be2 Qd8 14. Nc4 b6 15. a4 Bb7 16. Rh2 Bd5 17. Qc2 Nf6 18. Ncd2 b5 19. axb5 axb5 20. Ng1 g4 21. Bd3 c5 22. Ne4 Qb6 23. Bxb5+ Ke7 24. Nxf6 Bxf6 25. c4 Ra8 26. Rxa8 Rxa8 27. Ne2 Ra1+ 28. Kd2 cxd4 29. Rh5 dxe3+ 30. fxe3 Bxg2 31. c5 dxc5 32. Rxc5 Qd6+ 33. Bd3 Ra2 34. Rc7+ Kf8 35. Rc8+ Kg7 36. Nf4 Qb4+ 37. Ke2 Bf3+ 38. Kf2 Qa5 39. Bh7 Bxb2 40. Bg6 Ba1 41. Nh5+ Qxh5 42. Bxh5 Rxc2+ 43. Rxc2 Be5 44. Rc4 f5 45. Rc8 Bd6 46. Rd8 Be5 47. Rd7+ Kf6 48. Ra7 Bd5 49. Be8 Kg5 50. Re7 Bf6 51. Rf7 e5 52. Ra7 Bc4 53. Ra5 h5 54. Rc5 Bd3 55. Rd5 Be4 56. Rd6 Bc2 57. Re6 Bb3 58. Rb6 Bd5 59. Bxh5 Be7 60. Be8 Bf8 61. Rd6 Bf3 62. Rg6+ 1-0

[Event "Monastir Slama Memorial op"]
[Site "Monastir"]
[Date "2013.09.12"]
[Round "5"]
[White "Taieb, Sahbi"]
[Black "Tritar, Kamel"]
[Result "1/2-1/2"]
[WhiteElo "2117"]
[BlackElo "2008"]
[PlyCount "66"]
[EventDate "2013.09.09"]
[EventType "swiss"]
[EventRounds "9"]
[EventCountry "TUN"]
[SourceTitle "CBM 156 Extra"]
[Source "ChessBase"]
[SourceDate "2013.10.22"]
[SourceVersion "1"]
[SourceVersionDate "2013.10.22"]
[SourceQuality "1"]

1. e4 e6 2. d3 d5 3. Nd2 Nf6 4. Ngf3 c5 5. g3 Nc6 6. Bg2 dxe4 7. dxe4 e5 8. 0-0 Be7 9. c3 0-0 10. Qc2 Qc7 11. Nc4 b6 12. Bg5 Ba6 13. Bxf6 Bxf6 14. Nfd2 Na5 15. b3 Rfd8 16. Rfd1 Nxc4 17. Nxc4 Bxc4 18. bxc4 Rxd1+ 19. Rxd1 Rd8 20. Rd5 Kf8 21. Qd1 g6 22. h4 h5 23. Qd3 Be7 24. Qd2 Kg7 25. Qd1 Rd6 26. Qa4 Rxd5 27. cxd5 Bd6 28. c4 Kf8 29. Bh3 Be7 30. Qa6 Bd6 31. Qa3 Qe7 32. Qc3 Qf6 33. Bg2 Ke7 1/2-1/2

[Event "Cannes op"]
[Site "Cannes"]
[Date "2007.02.23"]
[Round "7"]
[White "Pepino, Enrico"]
[Black "Tritar, Kamel"]
[Result "1/2-1/2"]
[WhiteElo "2189"]
[BlackElo "2108"]
[PlyCount "107"]
[EventDate "2007.02.18"]
[EventType "swiss"]
[EventRounds "9"]
[EventCountry "FRA"]
[SourceTitle "CBM 116 Extra"]
[Source "ChessBase"]
[SourceDate "2007.03.07"]
[SourceVersion "1"]
[SourceVersionDate "2007.03.07"]
[SourceQuality "1"]

1. e4 d5 2. exd5 Nf6 3. d4 Nxd5 4. Nf3 Bg4 5. Be2 Nc6 6. 0-0 e6 7. c4 Nb6 8. b3 Be7 9. Bb2 Bf6 10. Na3 Bxf3 11. Bxf3 Nxd4 12. Bxd4 Bxd4 13. Bxb7 0-0 14. Bxa8 Bxa1 15. Qxd8 Rxd8 16. Rxa1 Nxa8 17. Kf1 Kf8 18. Ke2 a6 19. Nc2 c5 20. Ne1 Nb6 21. Nd3 Rc8 22. Rd1 Ke7 23. Kd2 f6 24. Kc3 Rc7 25. f4 a5 26. g3 Rd7 27. Rd2 Rc7 28. Re2 Nc8 29. h3 Nd6 30. g4 Kd7 31. Nb2 f5 32. Nd3 Ne4+ 33. Kb2 g6 34. g5 Kc6 35. Nf2 Nxf2 36. Rxf2 Kd6 37. Rd2+ Ke7 38. Re2 Kd6 39. Kc3 Re7 40. Rd2+ Kc7 41. Re2 Kd6 42. Re5 h6 43. gxh6 g5 44. Re1 gxf4 45. Rg1 Rh7 46. Rg6 Ke5 47. Kd3 f3 48. Ke3 f4+ 49. Kxf3 Kf5 50. Rg4 e5 51. Rh4 e4+ 52. Kf2 Kg5 53. Rg4+ Kf5 54. Rh4 1/2-1/2

[Event "Cannes op"]
[Site "Cannes"]
[Date "2007.02.21"]
[Round "5"]
[White "Arduin, Antoine"]
[Black "Tritar, Kamel"]
[Result "1-0"]
[WhiteElo "1876"]
[BlackElo "2108"]
[PlyCount "95"]
[EventDate "2007.02.18"]
[EventType "swiss"]
[EventRounds "9"]
[EventCountry "FRA"]
[SourceTitle "CBM 116 Extra"]
[Source "ChessBase"]
[SourceDate "2007.03.07"]
[SourceVersion "1"]
[SourceVersionDate "2007.03.07"]
[SourceQuality "1"]

1. e4 d5 2. exd5 Nf6 3. Bb5+ Bd7 4. Be2 Nxd5 5. d4 Nc6 6. c4 Nf6 7. Nc3 Bf5 8. Nf3 Bg4 9. d5 Bxf3 10. Bxf3 Ne5 11. Be2 g6 12. Bf4 Nfd7 13. 0-0 Bg7 14. Re1 0-0 15. Qc2 Nb6 16. b3 a6 17. Rad1 Qd6 18. Be3 Qb4 19. Ne4 Ned7 20. Bd2 Qa3 21. Bc1 Qb4 22. a3 Qa5 23. c5 Nxd5 24. b4 Nxb4 25. axb4 Qxb4 26. Bd2 Qa3 27. Rb1 b5 28. Bb4 Qa4 29. Qd2 Rfd8 30. Bd1 Nxc5 31. Bxa4 Rxd2 32. Nxd2 Nxa4 33. Nb3 e6 34. Rec1 Nb6 35. Rc6 Nd5 36. Ba5 Be5 37. Nc5 Rd8 38. Nxa6 Rd7 39. g3 Ne7 40. Rc5 Bd6 41. Rcxb5 Nd5 42. Nb8 Rd8 43. Nc6 Ra8 44. Rb8+ Rxb8 45. Rxb8+ Kg7 46. Bb4 Ne7 47. Nxe7 c5 48. Bc3+ 1-0

[Event "IECG TE.2001.P.00602 email"]
[Site "IECG email"]
[Date "2001.03.20"]
[Round "?"]
[White "Rushton, Darren"]
[Black "Tritar, Kamel"]
[Result "1-0"]
[WhiteElo "800"]
[BlackElo "2150"]
[PlyCount "33"]
[EventDate "2001.03.20"]
[EventType "tourn (corr)"]
[EventRounds "12"]
[SourceTitle "Corr 2008"]
[Source "ChessBase"]
[SourceDate "2008.06.24"]
[SourceVersion "1"]
[SourceVersionDate "2008.06.24"]
[SourceQuality "1"]

1. e4 c5 2. d4 cxd4 3. c3 dxc3 4. Nxc3 Nc6 5. Nf3 e6 6. Bc4 Nf6 7. e5 Ng4 8. Bf4 Qa5 9. Qe2 Bb4 10. 0-0 f6 11. exf6 0-0 12. Nb5 Nxf6 13. a3 Be7 14. Bc7 b6 15. b4 Qa6 16. Nd6 Qa4 17. Qd3 1-0

[Event "IECG TE.2000.P.00404 email"]
[Site "IECG email"]
[Date "2000.07.15"]
[Round "?"]
[White "Rosa, Odone"]
[Black "Tritar, Kamel"]
[Result "1-0"]
[WhiteElo "1750"]
[BlackElo "2150"]
[PlyCount "25"]
[EventDate "2000.07.15"]
[EventType "tourn (corr)"]
[EventRounds "12"]
[SourceTitle "Corr 2008"]
[Source "ChessBase"]
[SourceDate "2008.06.24"]
[SourceVersion "1"]
[SourceVersionDate "2008.06.24"]
[SourceQuality "1"]

1. e4 e5 2. Nf3 Nc6 3. Bc4 Nf6 4. Ng5 Bc5 5. Nxf7 Bxf2+ 6. Kf1 Qe7 7. Nxh8 d5 8. Qf3 Nd4 9. Qxf2 Nxe4 10. Qf7+ Qxf7+ 11. Nxf7 dxc4 12. Nxe5 Nxc2 13. Nxc4 1-0